000 00319nam a22001217a 4500
008 160526b xxu||||| |||| 00| 0 eng d
020 _a9780827348462
020 _a0827348460
041 _aeng
080 _a615
245 _aPharmacological aspects of nursing care:
_cBarbary S. Reiss ; Mary E. Evans;
942 _2udc
_cBK
999 _c2431
_d2431